000 00718nam a2200229 ar4500
001 4450
005 20221127090946.0
006 a a 000 0
008 160202 su a | 000 0|eng d
090 _aSP-V
245 0 0 _aVirtual network function implementation for software defined-networks /
_cby Abdullah Al Khudair ... [et al.].
260 _c2015.
300 _avii, 82 leaves :
_billustrations ;
_c30 cm.
500 _aSupervisor: Dr. Adeel Baig.
504 _aIncludes bibl. references.
526 0 _aStudent project.
563 _aHard bound.
650 4 _aComputer networks
_xSecurity measures.
650 4 _aData protection.
650 4 _aComputer software.
700 0 _aAl Khudair, Abdullah.
999 _c4448
_d4448